000
00263nam a2200109Ia 4500
008
230907s9999||||xx |||||||||||||| ||und||
082
_a
697
_b
ASH
245
0
_a
Ashrae standard 90.1-2016
260
_a
ASHRAE,
_b
Atlanta, GA :
_c
2016
300
_a
380 p
942
_c
BK
999
_c
599506
_d
599506